INTERNATIONAL COMMUNICATION -2 (Record no. 7865)
[ view plain ]
| 000 -LEADER | |
|---|---|
| fixed length control field | 00322nam a2200133Ia 4500 |
| 008 - FIXED-LENGTH DATA ELEMENTS--GENERAL INFORMATION | |
| fixed length control field | 260604s9999 xx 000 0 und d |
| 020 ## - INTERNATIONAL STANDARD BOOK NUMBER | |
| International Standard Book Number | 9780857029874 |
| 082 ## - DEWEY DECIMAL CLASSIFICATION NUMBER | |
| Classification number | 302 KIS |
| 100 ## - MAIN ENTRY--PERSONAL NAME | |
| Personal name | THUSSU |
| 9 (RLIN) | 35107 |
| 245 #0 - TITLE STATEMENT | |
| Title | INTERNATIONAL COMMUNICATION -2 |
| 260 ## - PUBLICATION, DISTRIBUTION, ETC. | |
| Name of publisher, distributor, etc. | SAGE |
| 500 ## - GENERAL NOTE | |
| General note | Communication, International |
| 942 ## - ADDED ENTRY ELEMENTS (KOHA) | |
| Koha item type | Book |
| Date last seen | Total Checkouts | Full call number | Barcode | Cost, replacement price | Price effective from | Koha item type | Lost status | Damaged status | Not for loan | Withdrawn status | Home library | Current library | Shelving location | Date acquired | Cost, normal purchase price | BOOK NO |
|---|---|---|---|---|---|---|---|---|---|---|---|---|---|---|---|---|
| 06/04/2026 | 302 KIS | 003483 | 84099.50 | 06/04/2026 | Book | Indian Institute of Management Visakhapatnam | Indian Institute of Management Visakhapatnam | 06/04/2026 | 84099.50 | KIS |